I Disagree - Poppy - Statistics

General Stats
  • This quiz has been taken 5 times
  • The average score is 258 of 267
Answer Stats
% Correct
a
100%
all
100%
anata
100%
and
100%
are
100%
be
100%
believe
100%
burn
100%
Burn
100%
burns
100%
disagree,
100%
disagree
100%
doi
100%
Down,
100%
down
100%
everything
100%
going
100%
ground,
100%
how
100%
I
100%
in
100%
is
100%
it
100%
it's
100%
keep
100%
let
100%
Let
100%
life
100%
me
100%
meant
100%
ni
100%
of
100%
safe
100%
shimasen
100%
sound
100%
the
100%
then
100%
to
100%
tragedy
100%
wa
100%
Watashi
100%
way
100%
we'll
100%
when
100%
with
100%
you
100%
your
100%
at
67%
continue
67%
could
67%
everyone
67%
failing
67%
harmony
67%
If
67%
insanity
67%
live
67%
mad
67%
only
67%
pleasure
67%
preaching
67%
reasons
67%
see
67%
see,
67%
world
67%
you're
67%
maybe
33%
pressure
33%
No matching quizzes found
Score Distribution
Percent of People with Each Score
Percentile by Number Answered
Your Score History
You have not taken this quiz